Tous les logos de marques aéronautiques et spatiales - Statistiques

Statistiques générales
  • Ce quiz a été pris 42 fois
  • Le résultat moyen est 9 sur 40
Statistiques - réponses
Par images Réponse % Correct
Nasa
91%
SpaceX
82%
Airbus
76%
Dassault Aviation
67%
ESA
67%
Safran
64%
Boeing
58%
Lockheed Martin
39%
CNES
33%
ArianeGroup
30%
ATR
24%
Cessna
24%
Blue origin
21%
De Havilland Canada
21%
Northrop Grumman
18%
Pilatus
18%
Beechcraft
15%
Gulfstream
15%
ISRO
12%
Rocket Lab
12%
COMAC
9%
Leonardo
9%
Tupolev
9%
Bombardier
6%
DLR
6%
Roscosmos
6%
Astra Space
3%
BAE Systems
3%
Enbraer
3%
Firefly Aerospace
3%
Fokker
3%
Ilyushin
3%
Sukhoi Civil Aircraft
3%
AVIC
0%
Avio
0%
Cirrus aircraft
0%
General Atomics
0%
Irkut
0%
Learjet
0%
Skydio
0%
Aucun quiz correspondant
Distribution des résultats
% des personnes avec chaque résultat
Percentile par nombre de réponses
Votre historique - résultats
Vous n’avez pas pris ce quiz